1017 1276 1432 1293 1711 1230 1938 1942 1677 1130 1589 1676 1253 1275 1206 1692 1931 1868 1316 1311 1192 1590 1927 1418 1377 1922 1787 1918 1692 1094 1534 1122 1754 1827 1151 1096 1679 1473 1218 1210 1440 1562 1729 1266 1673 1318 1145 1672 1431 1970 1637 1926 1753 1922 1291 1567 1263 1958 1608 1412 1584 1488 1171 1629 1658 1184 1664 1609 1509 1387 1662 1531 1083 1917 1712 1973 1059 1025 1619 1833 1252 1570 1127 1332 1710 1437 1675 1297 1456 1449 1543 1464 1882 1833 1143 1777 1683 1311 1526 BCNSPRNW ULIB Ver.6.0+V

เปลี่ยนเป็นภาษาไทย

Change to English
 แสดงรายละเอียดบรรณานุกรม
  กลับหน้าหลัก

Brief Record : Get Marc (ISO 2709) : E-mail record : QR code < ปิดหน้าต่าง
LEADER : 00000nam 2200000uu 4500
001    13399128246
003     ULIB
008    220822s2557||||th 000 0 tha d
020    ^a9786162997006 (ล.2)
050  0 ^aนว^bก947ล^cล.2
100 0  ^aโก้วเล้ง
245 10 ^aลูกปลาน้อยเซียวฮื้อยี้ เล่ม 2. /^cโก้วเล้ง, เขียน ; น.นพรัตน์, แปล
246 30 ^aเซียวฮื้อยี้
250    ^aพิมพ์ครั้งที่ 1
260    ^aกรุงเทพฯ :^bสยามอินเตอร์บุ๊ค,^c2557
300    ^a6 เล่ม ;^c21 ซม.
650  4 ^aนวนิยายจีนกำลังภายใน
650  4 ^aนวนิยายจีน^xการแปลเป็นภาษาไทย
653    ^aOpen Your Eyes Project
700 0  ^aน.นพรัตน์,^eผู้แปล
945    ^p260^l0^i009351
999    ^aประนอม เกษจรัล
รายการนี้ยังไม่มีแท็ก
คุณยังไม่ได้ล็อกอิน คุณสามารถมีกิจกรรมร่วมกับเว็บไซต์ได้ แต่ต้องล็อกอินก่อน ::
  ล็อกอิน

รายการสื่อสารสนเทศ

ลำดับที่ ประเภท เลขเรียก/บาร์โค้ด สถานที่ สถานะ
1. นวนิยาย
นวนิยาย
นว ก947ล ล.2 ฉ.1 
  Barcode: 009351
ห้องสมุดวิทยาเขตสวรรค์ประชารักษ์
►หนังสือทั่วไป
บนชั้น

รายการใกล้เคียง
    ผู้แต่ง [โก้วเล้ง]

    หัวเรื่อง [นวนิยายจีนกำลังภายใน]

BibComment


ยังไม่เคยถูกคอมเมนท์

คอมเมนท์ทรัพยากรรายการนี้
  คอมเมนท์: ลูกปลาน้อยเซียวฮ..


 Copyright 2026. Bcnsprnw @Library